[Event "Aut_2.Bundesliga_Ost_2003/04"]
[Site "Bruck/Leitha (1+2), Wien (3+4), Eichgraben (5-7), Wien (8+9), Eichgraben (10+11)"]
[Date "2003.12.07"]
[Round "6"]
[Board "2"]
[White "Groetz, Harald"]
[Black "Schorn, Christoph"]
[Result "1-0"]
[WhiteElo "2359"]
[BlackElo "2215"]
[PlyCount "49"]

1.e4 c5 2.Nf3 d6 3.d4 cxd4 4.Nxd4 Nf6 5.Nc3 a6 6.Bc4 e6 7.O-O Nc6 8.Be3 Be7
9.Bb3 O-O 10.f4 Nxd4 11.Bxd4 b5 12.e5 dxe5 13.fxe5 Nd7 14.Ne4 Bb7 15.Nd6 Bxd6
16.exd6 Qg5 17.Rf2 a5 18.Qe2 Ra6 19.Bc3 b4 20.Bd2 Qe5 21.Qxe5 Nxe5 22.Raf1 Bd5
23.Bf4 Nc4 24.d7 Ra7 25.Bc7

[Event "Aut_2.Bundesliga_Ost_2003/04"]
[Site "Bruck/Leitha (1+2), Wien (3+4), Eichgraben (5-7), Wien (8+9), Eichgraben (10+11)"]
[Date "2003.12.07"]
[Round "6"]
[Board "3"]
[White "Thoma, Wilhelm Jun."]
[Black "Hangweyrer, Manfred"]
[Result "0-1"]
[WhiteElo "2161"]
[BlackElo "2303"]
[PlyCount "92"]

1.d4 Nf6 2.Nf3 d6 3.c4 Nbd7 4.Nc3 e5 5.e4 c6 6.g3 Be7 7.Bg2 O-O 8.O-O a6 9.a4 a5
10.h3 Re8 11.Be3 Bf8 12.Qc2 exd4 13.Nxd4 Nc5 14.Rad1 Qc7 15.Rfe1 h6 16.Kh2 Bd7
17.f4 Rad8 18.Nb3 Nxb3 19.Qxb3 Ra8 20.Bd4 Be7 21.Rd2 Be6 22.Red1 Ra6 23.Qa2 Nh7
24.b3 Raa8 25.Qc2 f6 26.Qd3 Nf8 27.Qf3 Nd7 28.Ne2 Bf7 29.Bb2 Nc5 30.Ba3 Nxe4
31.Qxe4 d5 32.Qc2 Bxa3 33.cxd5 Bb4 34.Rd4 Qb6 35.dxc6 bxc6 36.Nc1 Rac8 37.Qf5
Qc5 38.Be4 g6 39.Qd7 Bc3 40.R4d3 Qf2+ 41.Kh1 Kg7 42.Bxc6 Re1+ 43.Rxe1 Qxe1+
44.Kg2 Qxc1 45.Rxc3 Qxc3 46.Qxc8 Bd5+

[Event "Aut_2.Bundesliga_Ost_2003/04"]
[Site "Bruck/Leitha (1+2), Wien (3+4), Eichgraben (5-7), Wien (8+9), Eichgraben (10+11)"]
[Date "2003.12.07"]
[Round "6"]
[Board "1"]
[White "Pingitzer, Harald"]
[Black "Palkoevi, Jozsef"]
[Result "1/2-1/2"]
[WhiteElo "2381"]
[BlackElo "2428"]
[PlyCount "66"]

1.Nf3 c5 2.c3 b6 3.d4 Bb7 4.e3 Nf6 5.Nbd2 g6 6.Bd3 Bg7 7.O-O O-O 8.b4 d6 9.bxc5
dxc5 10.Qe2 Nd5 11.Bb2 Nc6 12.Rfc1 cxd4 13.cxd4 Ndb4 14.Bb5 a6 15.a3 axb5
16.axb4 Qd5 17.e4 Qd6 18.Qxb5 Nxd4 19.Bxd4 Bxd4 20.e5 Qd8 21.Rxa8 Bxa8 22.Nb3
Bb2 23.Rb1 Bc3 24.Rc1 Qc7 25.Qd3 Rd8 26.Qe3 Bxf3 27.gxf3 Qc4 28.Rxc3 Rd1+ 29.Kg2
Qf1+ 30.Kg3 Qg1+ 31.Kh3 Qf1+ 32.Kg3 Qg1+ 33.Kh3 Qf1+

[Event "Aut_2.Bundesliga_Ost_2003/04"]
[Site "Bruck/Leitha (1+2), Wien (3+4), Eichgraben (5-7), Wien (8+9), Eichgraben (10+11)"]
[Date "2003.12.07"]
[Round "6"]
[Board "2"]
[White "Rumpl, Erwin"]
[Black "Schneider-Zinner, Harald"]
[Result "1/2-1/2"]
[WhiteElo "2254"]
[BlackElo "2347"]
[PlyCount "64"]

1.g3 d5 2.f4 g6 3.Nf3 Bg7 4.Bg2 Nf6 5.O-O O-O 6.d3 c5 7.Qe1 d4 8.Na3 Nc6 9.c4
Rb8 10.Bd2 b6 11.Nc2 Bb7 12.b4 e6 13.b5 Ne7 14.a4 Nf5 15.Ne5 Bxg2 16.Kxg2 Qc7
17.Qf2 Ne7 18.a5 Nd7 19.Nxd7 Qxd7 20.Ra2 Nc8 21.axb6 axb6 22.Rfa1 Re8 23.Ne1 Rb7
24.Nf3 Qd6 25.Ra8 Rbe7 26.R1a3 Qc7 27.Kf1 f6 28.Qg2 Qb7 29.Ng1 Qc7 30.R3a6 Kf7
31.Nf3 Qb7 32.Ng1 Qc7

[Event "Aut_2.Bundesliga_Ost_2003/04"]
[Site "Bruck/Leitha (1+2), Wien (3+4), Eichgraben (5-7), Wien (8+9), Eichgraben (10+11)"]
[Date "2003.12.07"]
[Round "6"]
[Board "3"]
[White "Kummer, Helmut"]
[Black "Gugler, Edgar"]
[Result "1/2-1/2"]
[WhiteElo "2337"]
[BlackElo "2242"]
[PlyCount "52"]

1.d4 d5 2.c4 c6 3.Nf3 Nf6 4.Nc3 g6 5.Bg5 Bg7 6.e3 O-O 7.Bd3 Be6 8.Qe2 a6 9.a4 a5
10.O-O Na6 11.Rad1 Nb4 12.Bb1 Re8 13.h3 Qc8 14.cxd5 Nbxd5 15.e4 Nxc3 16.bxc3 Bb3
17.Bc2 Bxc2 18.Qxc2 b5 19.Rfe1 Nd7 20.c4 bxa4 21.Qxa4 c5 22.d5 Nb6 23.Qb5 Qa6
24.Qxc5 Nxc4 25.Nd4 Nb2 26.Nc6 Nxd1

[Event "Aut_2.Bundesliga_Ost_2003/04"]
[Site "Bruck/Leitha (1+2), Wien (3+4), Eichgraben (5-7), Wien (8+9), Eichgraben (10+11)"]
[Date "2003.12.07"]
[Round "6"]
[Board "4"]
[White "Bachmayer, Josef"]
[Black "Sandhu, Mario"]
[Result "0-1"]
[WhiteElo "2170"]
[BlackElo "2338"]
[PlyCount "96"]

1.d4 Nf6 2.Nc3 d5 3.Bg5 Nbd7 4.f3 h6 5.Bh4 e6 6.e4 dxe4 7.fxe4 Be7 8.Qd2 Nxe4
9.Bxe7 Nxd2 10.Bxd8 Nxf1 11.Bxc7 Ne3 12.Kd2 Nf5 13.Nf3 Nf6 14.Rhg1 h5 15.Rae1
Bd7 16.d5 O-O 17.Ne5 exd5 18.Nxd7 Nxd7 19.Nxd5 Rfe8 20.c4 f6 21.b3 Kf7 22.Kc3
Nc5 23.Bf4 Ne6 24.a4 Rac8 25.Be3 Red8 26.Kb4 b6 27.Rgf1 g6 28.h3 h4 29.Bf2 Nc7
30.Ne3 Nxe3 31.Rxe3 Re8 32.Rxe8 Rxe8 33.Bxh4 Re4 34.Bxf6 Nd5+ 35.Kb5 Nxf6 36.Ka6
Re7 37.g4 Kg7 38.b4 Ne4 39.Rc1 Rc7 40.a5 bxa5 41.Kxa5 Nd2 42.Ka6 Rxc4 43.Rxc4
Nxc4 44.Kxa7 Kf6 45.h4 Ne5 46.b5 Nxg4 47.b6 Ne5 48.b7 Nd7

[Event "Aut_2.Bundesliga_Ost_2003/04"]
[Site "Bruck/Leitha (1+2), Wien (3+4), Eichgraben (5-7), Wien (8+9), Eichgraben (10+11)"]
[Date "2003.12.07"]
[Round "6"]
[Board "5"]
[White "Hansen, Kay"]
[Black "Wadsack, Wolfgang"]
[Result "1/2-1/2"]
[WhiteElo "2242"]
[BlackElo "2176"]
[PlyCount "50"]

1.d4 d5 2.c4 dxc4 3.Nc3 e5 4.e3 exd4 5.exd4 Nf6 6.Bxc4 Bb4 7.Nge2 O-O 8.O-O c6
9.Qb3 Be7 10.a4 Qb6 11.Qc2 Bg4 12.a5 Qd8 13.Qb3 Bxe2 14.Bxe2 Na6 15.Bf4 Qd7
16.Rfd1 Rad8 17.Bg5 h6 18.Bh4 Nd5 19.Bxe7 Nxe7 20.d5 Qc7 21.d6 Rxd6 22.Rxd6 Qxd6
23.Qxb7 Nc5 24.Qxa7 Nc8 25.Qa8 Ne7

[Event "Aut_2.Bundesliga_Ost_2003/04"]
[Site "Bruck/Leitha (1+2), Wien (3+4), Eichgraben (5-7), Wien (8+9), Eichgraben (10+11)"]
[Date "2003.12.07"]
[Round "6"]
[Board "6"]
[White "Wadsack, Winfried"]
[Black "Hofbauer, Martin"]
[Result "0-1"]
[WhiteElo "2146"]
[BlackElo "2267"]
[PlyCount "88"]

1.e4 c6 2.d4 d5 3.exd5 cxd5 4.c4 Nf6 5.Nc3 Nc6 6.Bg5 dxc4 7.d5 Na5 8.b4 cxb3
9.axb3 b6 10.Nf3 h6 11.Bf4 g5 12.Bg3 Bg7 13.Bb5+ Bd7 14.O-O O-O 15.Ba6 Bc8
16.Bxc8 Rxc8 17.Be5 Qd7 18.Bd4 Rfd8 19.Ne5 Qb7 20.b4 Nxd5 21.Qf3 Nf4 22.bxa5
Qxf3 23.Nxf3 Bxd4 24.Nxd4 Rxd4 25.axb6 axb6 26.Nb5 Rd5 27.Rfb1 Rc2 28.Na3 Rc3
29.h3 Ra5 30.Nb5 Rxa1 31.Rxa1 Rb3 32.Nd4 Rb2 33.Nf5 e6 34.Nxh6+ Kg7 35.Ng4 Nd5
36.g3 b5 37.Kf1 b4 38.Ra7 Rc2 39.Rb7 Rc7 40.Rb5 Rc1+ 41.Kg2 Rc6 42.Kf3 Rc3+
43.Ne3 f5 44.Ke2 Rxe3+

[Event "Aut_2.Bundesliga_Ost_2003/04"]
[Site "Bruck/Leitha (1+2), Wien (3+4), Eichgraben (5-7), Wien (8+9), Eichgraben (10+11)"]
[Date "2003.12.08"]
[Round "7"]
[Board "1"]
[White "Palkoevi, Jozsef"]
[Black "Likavsky, Tomas"]
[Result "1/2-1/2"]
[WhiteElo "2428"]
[BlackElo "2472"]
[PlyCount "51"]

1.e4 c5 2.c3 d5 3.exd5 Qxd5 4.d4 Nf6 5.Nf3 Bg4 6.Be2 e6 7.h3 Bh5 8.O-O Nc6 9.Be3
cxd4 10.Nxd4 Bxe2 11.Qxe2 Bc5 12.Nxc6 Qxc6 13.Nd2 Bxe3 14.Qxe3 Nd5 15.Qd4 f6
16.c4 Ne7 17.b4 Rd8 18.Qb2 Ng6 19.b5 Qc5 20.Qc2 Nf4 21.Ne4 Qf5 22.c5 O-O 23.f3
Rd5 24.Qf2 Rc8 25.Rad1 h5 26.a4 {135 Zuege}

[Event "Aut_2.Bundesliga_Ost_2003/04"]
[Site "Bruck/Leitha (1+2), Wien (3+4), Eichgraben (5-7), Wien (8+9), Eichgraben (10+11)"]
[Date "2003.12.08"]
[Round "7"]
[Board "2"]
[White "Manik, Mikulas"]
[Black "Rumpl, Erwin"]
[Result "1-0"]
[WhiteElo "2493"]
[BlackElo "2254"]
[PlyCount "75"]

1.e4 d6 2.d4 Nf6 3.Nc3 c6 4.f4 Qa5 5.e5 Ne4 6.Bd3 Nxc3 7.Qd2 c5 8.bxc3 cxd4
9.cxd4 Qxd2+ 10.Bxd2 dxe5 11.fxe5 Nc6 12.c3 f6 13.Nf3 Bg4 14.O-O O-O-O 15.exf6
exf6 16.Nh4 Ne5 17.Bc2 Nc4 18.Bc1 Ba3 19.Bxa3 Nxa3 20.Bd3 Be6 21.Rfe1 Bc4
22.Bf5+ Kb8 23.Re7 g6 24.Be4 Ba6 25.Re1 Nb5 26.Bd3 Nxc3 27.Bxa6 bxa6 28.Nf3 Nd5
29.Rf7 Rd6 30.Nd2 h5 31.Nb3 Rc8 32.Na5 Ka8 33.h4 Rcd8 34.Nb7 R6d7 35.Nxd8 Rxd8
36.Re6 Kb8 37.Rxa6 Ne7 38.Ra4

[Event "Aut_2.Bundesliga_Ost_2003/04"]
[Site "Bruck/Leitha (1+2), Wien (3+4), Eichgraben (5-7), Wien (8+9), Eichgraben (10+11)"]
[Date "2003.12.08"]
[Round "7"]
[Board "3"]
[White "Gugler, Edgar"]
[Black "Achs, Reinhold"]
[Result "1-0"]
[WhiteElo "2242"]
[BlackElo "2140"]
[PlyCount "70"]

1.d4 f5 2.Nf3 g6 3.g3 Nf6 4.Bg2 Bg7 5.O-O O-O 6.b4 d6 7.Bb2 c6 8.Nbd2 Na6 9.a3
h6 10.c4 Nc7 11.Qc2 Qe8 12.e4 f4 13.e5 Nh5 14.Rae1 d5 15.cxd5 Nxd5 16.e6 g5
17.Bh3 Nhf6 18.Ne5 Qh5 19.Bf5 g4 20.h4 Qe8 21.Bg6 Qd8 22.Bf7+ Rxf7 23.exf7+ Kf8
24.Ne4 Bf5 25.Nc5 Qc8 26.Qc1 a5 27.Ncd3 f3 28.Qc5 Ne4 29.Rd1 Qe6 30.Rfe1 Nd6
31.Qc1 h5 32.Nxf3 Qf6 33.Nfe5 Bh6 34.Qc5 axb4 35.axb4 b6 {40 Zuege}

[Event "Aut_2.Bundesliga_Ost_2003/04"]
[Site "Bruck/Leitha (1+2), Wien (3+4), Eichgraben (5-7), Wien (8+9), Eichgraben (10+11)"]
[Date "2003.12.08"]
[Round "7"]
[Board "4"]
[White "Plank, Franz"]
[Black "Bachmayer, Josef"]
[Result "1-0"]
[WhiteElo "2236"]
[BlackElo "2170"]
[PlyCount "139"]

1.d4 f5 2.Nc3 Nf6 3.Bg5 d5 4.e3 e6 5.Bd3 Be7 6.Nf3 Nbd7 7.Ne2 Ne4 8.Bxe7 Qxe7
9.a3 O-O 10.c4 c6 11.Rc1 Kh8 12.Bb1 g5 13.Nd2 Ndf6 14.Nxe4 fxe4 15.Ng3 Bd7
16.O-O g4 17.f3 gxf3 18.gxf3 exf3 19.Rxf3 Qg7 20.Bd3 Be8 21.Kh1 Bg6 22.Qc2 Bxd3
23.Qxd3 Ng4 24.Rcf1 Rxf3 25.Rxf3 Rf8 26.Qf1 Rxf3 27.Qxf3 Nf6 28.cxd5 cxd5 29.Nh5
Nxh5 30.Qxh5 Qf6 31.Kg2 Kg7 32.Qg4+ Kf7 33.Kg3 Ke7 34.Qh5 Qg7+ 35.Kf4 Kd7 36.Qg5
Qf8+ 37.Kg4 Qf7 38.h4 Kc6 39.h5 Qf2 40.Qe5 Qg2+ 41.Kh4 Kd7 42.b3 a6 43.Qf4 Kc6
44.Qe5 Kd7 45.a4 b5 46.Qf4 Kc6 47.Qg5 Qh2+ 48.Kg4 Qg2+ 49.Kf4 Qh2+ 50.Kf3 Qh1+
51.Ke2 Qh2+ 52.Ke1 Qh1+ 53.Kd2 Qb1 54.Qe5 Qb2+ 55.Ke1 Qxb3 56.Qxe6+ Kc7 57.Qe7+
Kc8 58.Qe8+ Kc7 59.Kf2 a5 60.Qe7+ Kb8 61.Qf8+ Kb7 62.Qg7+ Kb6 63.Qh6+ Kb7
64.Qxh7+ Kb6 65.Qg6+ Kb7 66.h6 bxa4 67.h7 Qb2+ 68.Kf3 Qc1 69.Qf7+ Kb6 70.Qe6+

[Event "Aut_2.Bundesliga_Ost_2003/04"]
[Site "Bruck/Leitha (1+2), Wien (3+4), Eichgraben (5-7), Wien (8+9), Eichgraben (10+11)"]
[Date "2003.12.08"]
[Round "7"]
[Board "6"]
[White "Leber, Franz"]
[Black "Wadsack, Winfried"]
[Result "0-1"]
[WhiteElo "2155"]
[BlackElo "2146"]
[PlyCount "150"]

1.d4 d5 2.Nf3 Nf6 3.c4 dxc4 4.e3 Bg4 5.Bxc4 e6 6.Nc3 a6 7.h3 Bxf3 8.Qxf3 Nc6
9.O-O Bd6 10.Rd1 O-O 11.b3 Qe7 12.e4 e5 13.Bg5 Nxd4 14.Rxd4 exd4 15.Nd5 Qe5
16.Nxf6+ gxf6 17.Bxf6 Qf4 18.Qxf4 Bxf4 19.Bxd4 Rfd8 20.Bf6 Rd2 21.a4 Re8 22.Re1
c6 23.g3 Be5 24.Bg5 Rb2 25.a5 Bd4 26.Rf1 Rxe4 27.Kg2 Ra2 28.Bd8 Bc3 29.Kf3 Rd4
30.Bb6 Rd7 31.Rc1 Bb4 32.g4 c5 33.Kg3 Rad2 34.h4 Kg7 35.g5 Re7 36.Bf1 Rd5 37.Bg2
Rd3+ 38.Kh2 Rxb3 39.Bd8 Re2 40.Bf6+ Kg6 41.Bd5 Rxf2+ 42.Kg1 Rxf6 43.Bxb3 Rf4
44.Bd5 Bxa5 45.Bxb7 Rxh4 46.Bxa6 Bd2 47.Bd3+ Kg7 48.Rc2 Bxg5 49.Kg2 Be3 50.Kg3
Rd4 51.Bf5 c4 52.Bh3 Bd2 53.Bf5 c3 54.Ra2 Rb4 55.Ra7 Rc4 56.Bc2 Bf4+ 57.Kf3 Bc7
58.Ke2 Be5 59.Ra5 f6 60.Ra7+ Rc7 61.Ra4 h5 62.Kf3 Kh6 63.Ke4 Rg7 64.Kf3 Rg3+
65.Kf2 Rg4 66.Ra8 Kg5 67.Rg8+ Kf4 68.Rh8 Bd4+ 69.Ke2 h4 70.Kd3 Be5 71.Bb3 Rg3+
72.Ke2 Rg2+ 73.Kd1 Rd2+ 74.Ke1 Ke3 75.Kf1 Rb2

[Event "Aut_2.Bundesliga_Ost_2003/04"]
[Site "Bruck/Leitha (1+2), Wien (3+4), Eichgraben (5-7), Wien (8+9), Eichgraben (10+11)"]
[Date "2003.12.08"]
[Round "7"]
[Board "1"]
[White "Polak, Thomas"]
[Black "Pingitzer, Harald"]
[Result "1/2-1/2"]
[WhiteElo "2490"]
[BlackElo "2381"]
[PlyCount "81"]

1.d4 d5 2.c4 c6 3.Nf3 e6 4.e3 Nf6 5.Bd3 Nbd7 6.O-O Bd6 7.Nc3 O-O 8.e4 dxe4
9.Nxe4 Nxe4 10.Bxe4 Nf6 11.Bc2 c5 12.dxc5 Bxc5 13.Ne5 Qxd1 14.Rxd1 b6 15.Bg5 h6
16.Bxf6 gxf6 17.Be4 Rb8 18.Nc6 Rb7 19.b4 Be7 20.f4 f5 21.Bf3 Bf6 22.Rac1 Rc7
23.c5 Bb7 24.b5 Bxc6 25.Bxc6 Rd8 26.Rxd8+ Bxd8 27.a4 Bf6 28.cxb6 axb6 29.Rc4 Kg7
30.Kf1 Ra7 31.Ke2 Be7 32.Bf3 Bd6 33.Kd3 Kf6 34.Kc2 Ke7 35.Kb3 Rc7 36.Bc6 Ra7
37.h3 f6 38.Rd4 Rc7 39.Rc4 Ra7 40.Rd4 Rc7 41.Rc4

[Event "Aut_2.Bundesliga_Ost_2003/04"]
[Site "Bruck/Leitha (1+2), Wien (3+4), Eichgraben (5-7), Wien (8+9), Eichgraben (10+11)"]
[Date "2003.12.08"]
[Round "7"]
[Board "2"]
[White "Schneider-Zinner, Harald"]
[Black "Groetz, Harald"]
[Result "0-1"]
[WhiteElo "2347"]
[BlackElo "2359"]
[PlyCount "92"]

1.d4 Nf6 2.Nf3 g6 3.c4 Bg7 4.Nc3 O-O 5.e4 d6 6.Be2 Na6 7.O-O e5 8.Be3 Ng4 9.Bg5
Qe8 10.dxe5 dxe5 11.h3 h6 12.Bd2 Nf6 13.Be3 Qe7 14.a3 c6 15.b4 Nh5 16.Re1 Nf4
17.Bf1 Qf6 18.Ra2 Nc7 19.Rd2 Re8 20.c5 Bf8 21.Kh2 Nce6 22.Na4 Ng5 23.Nxg5 hxg5
24.Nb2 g4 25.hxg4 Qh4+ 26.Kg1 Bxg4 27.f3 Be6 28.Nc4 Bh6 29.Nd6 Re7 30.g4 Qg3+
31.Kh1 Bb3 32.Bf2 Bxd1 33.Bxg3 Bxf3+ 34.Kh2 Bxg4 35.Bh4 Rd7 36.b5 Ne6 37.Rg2
Bf4+ 38.Bg3 Bxg3+ 39.Rxg3 Nxc5 40.Nxb7 Rxb7 41.Rxg4 cxb5 42.Rd1 Ne6 43.Rd5 Nd4
44.Kg2 Re8 45.Rg5 Ne6 46.Rgxe5 a6

[Event "Aut_2.Bundesliga_Ost_2003/04"]
[Site "Bruck/Leitha (1+2), Wien (3+4), Eichgraben (5-7), Wien (8+9), Eichgraben (10+11)"]
[Date "2003.12.08"]
[Round "7"]
[Board "3"]
[White "Hangweyrer, Manfred"]
[Black "Kummer, Helmut"]
[Result "1/2-1/2"]
[WhiteElo "2303"]
[BlackElo "2337"]
[PlyCount "39"]

1.e4 e5 2.Bc4 Nf6 3.d3 c6 4.Nf3 d6 5.O-O Be7 6.Nbd2 O-O 7.Re1 Nbd7 8.c3 b5 9.Bb3
Bb7 10.Nf1 Nc5 11.Bc2 Ne6 12.Ng3 Re8 13.d4 Qc7 14.h3 Bf8 15.dxe5 dxe5 16.Nh2 g6
17.Be3 Bg7 18.Ng4 Nxg4 19.Qxg4 c5 20.Rad1

[Event "Aut_2.Bundesliga_Ost_2003/04"]
[Site "Bruck/Leitha (1+2), Wien (3+4), Eichgraben (5-7), Wien (8+9), Eichgraben (10+11)"]
[Date "2003.12.08"]
[Round "7"]
[Board "4"]
[White "Sandhu, Mario"]
[Black "Wiedermann, Franz"]
[Result "1-0"]
[WhiteElo "2338"]
[BlackElo "2105"]
[PlyCount "51"]

1.e4 g6 2.d4 Bg7 3.Be3 d6 4.Qd2 a6 5.h4 Nf6 6.f3 h5 7.Nh3 Nc6 8.a4 e5 9.d5 Nd4
10.Ra3 Nxd5 11.exd5 Qxh4+ 12.Nf2 Qd8 13.Bd3 Nf5 14.Bxf5 Bxf5 15.Nc3 Qd7 16.a5 f6
17.Rb3 Qc8 18.Nce4 Ke7 19.c4 Bd7 20.c5 Bb5 21.Qb4 dxc5 22.Bxc5+ Kd7 23.Nc3 c6
24.Nxb5 cxb5 25.Rc3 Bf8 26.Ne4

[Event "Aut_2.Bundesliga_Ost_2003/04"]
[Site "Bruck/Leitha (1+2), Wien (3+4), Eichgraben (5-7), Wien (8+9), Eichgraben (10+11)"]
[Date "2003.12.08"]
[Round "7"]
[Board "5"]
[White "Batyte, Daiva"]
[Black "Hansen, Kay"]
[Result "1/2-1/2"]
[WhiteElo "2170"]
[BlackElo "2242"]
[PlyCount "159"]

1.e4 c6 2.d4 d5 3.Nd2 dxe4 4.Nxe4 Bf5 5.Ng3 Bg6 6.h4 h6 7.Nf3 Nd7 8.h5 Bh7 9.Bd3
Bxd3 10.Qxd3 Qc7 11.Bd2 e6 12.O-O-O Ngf6 13.Ne4 b5 14.g3 Nxe4 15.Qxe4 Nf6 16.Qe2
a5 17.Rh4 Be7 18.Ne5 Rd8 19.Qf3 Rd5 20.g4 c5 21.Bf4 Qc8 22.dxc5 Rxc5 23.Rhh1
Rxc2+ 24.Kb1 Rc5 25.Rhg1 Nh7 26.Rc1 O-O 27.Rxc5 Qxc5 28.Nd7 Qb4 29.Nxf8 Bxf8
30.Rd1 Qc4 31.Be5 f6 32.Bd4 a4 33.Qd3 Qc6 34.f4 Be7 35.Qe2 Nf8 36.Re1 Bb4 37.Rc1
Qd5 38.Bc3 Bd6 39.Rf1 b4 40.Bd2 Bc5 41.Rf3 Kf7 42.Qd3 Qc6 43.f5 Nd7 44.fxe6+
Qxe6 45.Qf5 Qc6 46.g5 hxg5 47.Bxg5 Ne5 48.Rf1 Qd7 49.Qxd7+ Nxd7 50.Bd2 Bd6
51.Re1 f5 52.Rg1 Nf6 53.Rg5 Ne4 54.Rg2 Nxd2+ 55.Rxd2 Ke6 56.Kc2 a3 57.b3 Be5
58.Kd3 Kd5 59.Ke3+ Kc6 60.Re2 Kd5 61.Rg2 Ke6 62.Rg6+ Kd5 63.Kd3 Bc3 64.Rg5 Ke6
65.Ke3 Be5 66.Kf3 Bf6 67.Rg2 Be5 68.Rg6+ Kd5 69.Rb6 Kd4 70.Rxb4+ Kc3 71.Rb5 Bd6
72.Rb7 Kb2 73.Rxg7 Kxa2 74.Rb7 Kb2 75.Ra7 Kxb3 76.h6 a2 77.h7 Be5 78.Ra5 a1=Q
79.Rxa1 Bxa1 80.Kf4

[Event "Aut_2.Bundesliga_Ost_2003/04"]
[Site "Bruck/Leitha (1+2), Wien (3+4), Eichgraben (5-7), Wien (8+9), Eichgraben (10+11)"]
[Date "2003.12.08"]
[Round "7"]
[Board "6"]
[White "Hofbauer, Martin"]
[Black "Schirmbeck, Hannes"]
[Result "1/2-1/2"]
[WhiteElo "2267"]
[BlackElo "2117"]
[PlyCount "54"]

1.e4 e5 2.Nf3 Nc6 3.Bb5 a6 4.Ba4 Nf6 5.O-O b5 6.Bb3 Bb7 7.d3 Bc5 8.Nc3 d6 9.a3
Nd4 10.Nxd4 Bxd4 11.Ne2 Bb6 12.Ng3 O-O 13.Qf3 Bc8 14.Nf5 Bxf5 15.Qxf5 Qd7
16.Qxd7 Nxd7 17.Bd5 Ra7 18.g3 Nb8 19.Kg2 c6 20.Ba2 h6 21.f4 Kh7 22.Bd2 Nd7
23.Rad1 Nc5 24.Bc1 a5 25.Be3 Rb7 26.Bxc5 Bxc5 27.Rf3 b4

[Event "Aut_2.Bundesliga_Ost_2003/04"]
[Site "Bruck/Leitha (1+2), Wien (3+4), Eichgraben (5-7), Wien (8+9), Eichgraben (10+11)"]
[Date "2003.12.08"]
[Round "7"]
[Board "1"]
[White "Gross, Stefan"]
[Black "Srienz, Christian"]
[Result "1/2-1/2"]
[WhiteElo "2290"]
[BlackElo "2222"]
[PlyCount "38"]

1.Nf3 Nf6 2.g3 c5 3.Bg2 Nc6 4.d3 e6 5.e4 d6 6.O-O Be7 7.Nbd2 O-O 8.Re1 Qc7 9.a4
Bd7 10.Nc4 Ne5 11.Nfxe5 dxe5 12.f4 exf4 13.Bxf4 Qd8 14.c3 Be8 15.d4 cxd4 16.cxd4
b5 17.axb5 Bxb5 18.b3 Bb4 19.Re3 a5

[Event "Aut_2.Bundesliga_Ost_2003/04"]
[Site "Bruck/Leitha (1+2), Wien (3+4), Eichgraben (5-7), Wien (8+9), Eichgraben (10+11)"]
[Date "2003.12.08"]
[Round "7"]
[Board "2"]
[White "Schorn, Christoph"]
[Black "Neumeier, Klaus"]
[Result "0-1"]
[WhiteElo "2215"]
[BlackElo "2280"]
[PlyCount "102"]

1.e4 e5 2.f4 exf4 3.Nf3 g5 4.Bc4 Bg7 5.O-O d6 6.d4 h6 7.g3 Bh3 8.Re1 Nc6 9.c3
Qd7 10.gxf4 Qg4+ 11.Kf2 Qg2+ 12.Ke3 Nf6 13.Kd3 Bg4 14.Nbd2 gxf4 15.Rg1 Qh3
16.Qf1 Qh5 17.Qg2 Rg8 18.Kc2 O-O-O 19.Bd3 Bh8 20.Qf2 d5 21.e5 Ne4 22.Nxe4 dxe4
23.Bxe4 Bxf3 24.Bxf3 Qf5+ 25.Kd2 Nxe5 26.Be2 Rxg1 27.Qxg1 f3 28.Bf1 Kb8 29.Kd1
Ng4 30.h3 Nf6 31.Bxh6 Re8 32.Qg5 Qe4 33.Qd2 Nd5 34.Bd3 f2 35.Kc2 Qe1 36.Rd1 Ne3+
37.Bxe3 Rxe3 38.Bf1 Bf6 39.d5 Be5 40.a3 a6 41.Bc4 Bf4 42.Bf1 Be5 43.Bc4 f5
44.Bf1 f4 45.h4 f3 46.Kb3 Bg3 47.Qd4 Be5 48.Qd2 Bf4 49.Ka2 Bg3 50.Qd4 Be5 51.Qd2
Bxc3

[Event "Aut_2.Bundesliga_Ost_2003/04"]
[Site "Bruck/Leitha (1+2), Wien (3+4), Eichgraben (5-7), Wien (8+9), Eichgraben (10+11)"]
[Date "2003.12.08"]
[Round "7"]
[Board "3"]
[White "Hechl, Gerald"]
[Black "Thoma, Wilhelm Jun."]
[Result "1-0"]
[WhiteElo "2228"]
[BlackElo "2161"]
[PlyCount "44"]

1.e4 e6 2.d4 c5 3.g3 d5 4.Nd2 Nc6 5.Ngf3 Nf6 6.Bg2 Be7 7.O-O O-O 8.e5 Nd7 9.Re1
b5 10.Nf1 a5 11.h4 Ba6 12.N1h2 b4 13.h5 h6 14.Ng4 Nxd4 15.Nxd4 cxd4 16.Nxh6+
gxh6 17.Bxh6 Kh7 18.Bxf8 Qxf8 19.Qg4 Bc5 20.Bxd5 exd5 21.Qxd7 Rd8 22.Qf5+ Kh8

[Event "Aut_2.Bundesliga_Ost_2003/04"]
[Site "Bruck/Leitha (1+2), Wien (3+4), Eichgraben (5-7), Wien (8+9), Eichgraben (10+11)"]
[Date "2003.12.08"]
[Round "7"]
[Board "4"]
[White "Schwaiger, Michael"]
[Black "Pichler, Michael"]
[Result "1/2-1/2"]
[WhiteElo "2084"]
[BlackElo "2172"]
[PlyCount "40"]

1.e4 e6 2.d4 d5 3.e5 c5 4.c3 Nc6 5.Nf3 Qb6 6.a3 c4 7.Be2 Bd7 8.O-O Na5 9.Nbd2 h6
10.Rb1 O-O-O 11.Ne1 Ne7 12.Nc2 Ba4 13.b4 cxb3 14.Na1 Nec6 15.Bd3 Kb8 16.Naxb3
Nxb3 17.Nxb3 Na5 18.Bc2 Nxb3 19.Bxb3 Bxb3 20.Rxb3 Qc7

[Event "Aut_2.Bundesliga_Ost_2003/04"]
[Site "Bruck/Leitha (1+2), Wien (3+4), Eichgraben (5-7), Wien (8+9), Eichgraben (10+11)"]
[Date "2003.12.08"]
[Round "7"]
[Board "1"]
[White "Varga, Zoltan"]
[Black "Tibensky, Robert"]
[Result "1/2-1/2"]
[WhiteElo "2564"]
[BlackElo "2405"]
[PlyCount "33"]

1.e4 g6 2.d4 Bg7 3.c4 d6 4.Nc3 Nc6 5.d5 Nd4 6.Be3 c5 7.Nge2 Qb6 8.Nxd4 cxd4
9.Na4 Qa5+ 10.Bd2 Qd8 11.c5 f5 12.f3 Nf6 13.Bb5+ Kf7 14.Qe2 fxe4 15.fxe4 Rf8
16.O-O Kg8 17.h3

[Event "Aut_2.Bundesliga_Ost_2003/04"]
[Site "Bruck/Leitha (1+2), Wien (3+4), Eichgraben (5-7), Wien (8+9), Eichgraben (10+11)"]
[Date "2003.12.08"]
[Round "7"]
[Board "2"]
[White "Banas, Jan"]
[Black "Vavrak, Peter"]
[Result "1-0"]
[WhiteElo "2369"]
[BlackElo "2338"]
[PlyCount "69"]

1.e4 e6 2.d3 d5 3.Nd2 c5 4.Ngf3 Nc6 5.g3 g6 6.Bg2 Bg7 7.O-O Nge7 8.Re1 b6 9.c3
a5 10.h4 h6 11.Nf1 Ra7 12.e5 Ba6 13.Bf4 b5 14.d4 cxd4 15.cxd4 Qb6 16.Ne3 Nf5
17.Nxf5 gxf5 18.Bf1 Kd7 19.Qd2 a4 20.b4 axb3 21.axb3 h5 22.Bg5 b4 23.Bxa6 Rxa6
24.Bf6 Bh6 25.Rxa6 Qxa6 26.Qd1 Rg8 27.Ng5 f4 28.gxf4 Kc8 29.Qxh5 Rg6 30.Rc1 Kb7
31.f5 exf5 32.Qf3 Qa3 33.Rd1 Qb2 34.Qxd5 Qe2 35.Rc1

[Event "Aut_2.Bundesliga_Ost_2003/04"]
[Site "Bruck/Leitha (1+2), Wien (3+4), Eichgraben (5-7), Wien (8+9), Eichgraben (10+11)"]
[Date "2003.12.08"]
[Round "7"]
[Board "3"]
[White "Stranz, Richard"]
[Black "Wallner, Joachim"]
[Result "0-1"]
[WhiteElo "2323"]
[BlackElo "2297"]
[PlyCount "100"]

1.e4 c5 2.Nf3 e6 3.d4 cxd4 4.Nxd4 Qb6 5.Nb3 Qc7 6.g3 b6 7.Bg2 Bb7 8.O-O d6 9.Nd4
a6 10.Qe2 Nf6 11.c4 Nbd7 12.b3 Be7 13.Bb2 O-O 14.Nc3 Rfe8 15.Rfe1 Bf8 16.Rad1
Ne5 17.Nc2 Rac8 18.Ne3 Bc6 19.Rd2 Qb7 20.Nc2 Qc7 21.h3 Bb7 22.Qd1 Red8 23.Ne3
Qb8 24.Ng4 Nfxg4 25.hxg4 Bc6 26.a4 Qc7 27.g5 Bb7 28.Qh5 Qc5 29.Red1 Qb4 30.Na2
Qc5 31.Bd4 Qc7 32.f4 Nc6 33.Bb2 Na5 34.Bf3 Nxb3 35.Rh2 h6 36.f5 Qc5+ 37.Kh1 e5
38.gxh6 Qxc4 39.Qg4 f6 40.hxg7 Bxg7 41.Nc3 Nd4 42.Nd5 Bxd5 43.Bxd4 exd4 44.exd5
d3 45.Qg6 Qxa4 46.Rh4 Rc4 47.Qh7+ Kf8 48.Rxd3 Rc1+ 49.Kh2 Qc2+ 50.Bg2 Qxd3

[Event "Aut_2.Bundesliga_Ost_2003/04"]
[Site "Bruck/Leitha (1+2), Wien (3+4), Eichgraben (5-7), Wien (8+9), Eichgraben (10+11)"]
[Date "2003.12.08"]
[Round "7"]
[Board "4"]
[White "Ganaus, Hannes"]
[Black "Krpelan, Wolfgang"]
[Result "1/2-1/2"]
[WhiteElo "2349"]
[BlackElo "2232"]
[PlyCount "50"]

1.d4 f5 2.g3 Nf6 3.Bg2 e6 4.Nf3 Be7 5.O-O O-O 6.b3 Qe8 7.c4 d6 8.Bb2 Qh5 9.Nbd2
Nc6 10.e3 Bd7 11.Rc1 Nb4 12.Ne1 Qxd1 13.Rxd1 Bc6 14.a3 Bxg2 15.Kxg2 Nc6 16.b4
Rae8 17.Nd3 g5 18.Rfe1 Ne4 19.d5 Nxd2 20.Rxd2 Nd8 21.f4 gxf4 22.exf4 exd5
23.cxd5 Rf7 24.b5 Bf8 25.Rc1 Rfe7 {113 Zuege}